000 00762cam a22002171 4500
001 gs 10000454
003 DLC
005 20260227111310.0
008 760408s1910 xx 000 0 eng
010 _ags 10000454
035 _a(OCoLC)2101780
040 _aDLC
_cTxEU
_dDLC
042 _apremarc
050 0 0 _aQE91
_b.A4 vol. 1
100 1 _aCrawford, R. D.
_q(Ralph Dixon),
_d1873-
245 1 2 _aA preliminary report on the geology of the Monarch mining district, Chaffee County, Colorado,
_cby R. D. Crawford.
260 _a[Denver, Colo.,
_bThe Smith-Brooks printing company, state printers ,
_c1910]
300 _a78 p.
_b3 fold. pl., 2 fold. maps, diagrs.
_c23 cm.
410 2 0 _aColorado Geological Survey.
_tBulletin,
_v1
650 0 _aGeology
_zColorado.
999 _c24942
_d24942